Tennis Weltrangliste Herren (Top 100) 2026 - Statistiken

Allgemein
  • Dieses Quiz wurde 375 mal gespielt
    107 seit der letzten Aktualisierung
  • Das Durchschnittsergebnis liegt bei 36 aus 100
Antwortstatistiken
Position Spieler Nation % Korrekt
4. A. Zverev Deutschland
99%
1. C. Alcaraz Spanien
99%
2. J. Sinner Italien
99%
3. N. Djokovic Serbien
96%
7. T. Fritz USA
86%
13. C. Ruud Norwegen
75%
11. D. Medvedev Russland
75%
5. L. Musetti Italien
75%
6. F. Auger-Aliassime Kanada
74%
8. A. de Minaur Australien
72%
14. A. Rublev Russland
71%
9. B. Shelton USA
71%
17. H. Rune Dänemark
71%
10. A. Bublik Kasachstan
67%
12. J. Draper Vereinigtes Königreich
65%
30. A. Rinderknech Frankreich
59%
15. J. Mensik Tschechien
59%
28. F. Tiafoe USA
58%
32. S. Tsitsipas Griechenland
58%
25. V. Vacherot Monaco
58%
18. K. Khachanov Russland
57%
24. T. Paul USA
57%
38. D. Shapovalov Kanada
55%
19. F. Cerundolo Argentinien
55%
77. J. M. Cerundolo Argentinien
55%
36. J. Fonseca Brasilien
54%
21. J. Lehecka Tschechien
54%
85. J. L. Struff Deutschland
54%
26. C. Norrie Vereinigtes Königreich
52%
27. T. Griekspoor Niederlande
52%
52. D. Altmaier Deutschland
51%
41. G. Dimitrov Bulgarien
51%
16. A. Davidovich Fokina Spanien
49%
23. L. Tien USA
49%
57. M. Berrettini Italien
49%
20. F. Cobolli Italien
48%
31. T. Machac Tschechien
48%
88. Y. Hanfmann Deutschland
46%
40. A. Fils Frankreich
43%
43. Z. Bergs Belgien
43%
69. H. Hurkacz Polen
42%
22. L. Darderi Italien
42%
39. U. Humbert Frankreich
42%
33. S. Baez Argentinien
41%
53. T. M. Etcheverry Argentinien
36%
60. B. van de Zandschulp Niederlande
35%
44. N. Borges Portugal
35%
35. J. Munar Spanien
33%
70. A. Tabilo Chile
30%
34. C. Moutet Frankreich
30%
59. M. Cilic Kroatien
30%
46. F. Marozsan Ungarn
29%
37. G. Diallo Kanada
29%
81. R. Bautista Agut Spanien
29%
51. S. Korda USA
29%
64. L. Sonego Italien
28%
50. A. Mannarino Frankreich
26%
29. B. Nakashima USA
26%
58. M. Fucsovics Ungarn
26%
42. A. Michelsen USA
25%
79. A. Shevchenko Kasachstan
25%
55. G. Mpetshi Perricard Frankreich
25%
48. A. Müller Frankreich
22%
62. F. Comesana Argentinien
22%
84. J. de Jong Niederlande
22%
100. A. Blockx Belgien
20%
49. A. Popyrin Australien
20%
97. M. Kecmanovic Serbien
20%
66. R. Opelka USA
20%
61 D. Dzumhur Bosnien
19%
83. M. Arnaldi Italien
19%
80. F. Misolic Österreich
14%
92. L. Nardi Italien
14%
65. T. Atmane Frankreich
14%
87. C. Garin Chile
13%
93. I. Buse Peru
13%
45. J. Brooksby USA
13%
72. E. Quinn USA
12%
63. M. Giron USA
12%
54. K. Majchrzak Polen
10%
47. C. Ugo Carabelli Argentinien
9%
76. E. Nava USA
9%
94. H. Gaston Frankreich
9%
74. Q. Halys Frankreich
9%
68. R. Collignon Belgien
9%
91. V. Kopriva Tschechien
9%
71. A. Cazaux Frankreich
7%
75. A. Kovacevic USA
7%
90. A. Walton Australien
7%
82. J. Fearnley Vereinigtes Königreich
7%
73. M. Navone Argentinien
7%
56. V. Royer Frankreich
7%
67. E. Spizzirri USA
6%
89. T. A. Tirante Argetinien
6%
98. A. D. Vallejo Paraguay
4%
78. J. Duckworth Australien
4%
86. A. Vukic Australien
1%
99. C. O´Connell Australien
1%
96. C. Taberner Spanien
1%
95. D. Svrcina Tschechien
1%
Keine übereinstimmenden Quizze gefunden
Verteilung der Resultate
Anzahl Personen mit jedem Resultat
Perzentil nach korrekt beantworteten Fragen
Ihre Resultats-Entwicklung
Sie haben dieses Quiz seit der letzten Aktualisierung nicht gespielt